MDQL
is popping MORE tags! Check the
thread
!
Quizzes
Events
Quiz Creation
Community
Videos
Private Events
Remove Ads
Sign In
Join for FREE
Feedback
Dark Mode
Quiz Categories
Sports
Geography
Music
Movies
Television
Just For Fun
Miscellaneous
History
Literature
Language
Science
Gaming
Entertainment
Religion
Holiday
For Kids
Quiz Lab
Recent
Popular Today
Quiz Kudos Today
Editor Picks
Curator Picks
Quizzes by...
Day
Popularity
Type
Ratings
Length
Year
Community
Subscriptions
Recent Discussions
Orange Saloon
Badges
Playlists
Quests
Create
Leaderboards
Showdown
Live 5
Trivia Bingo
Activity
Puzzle Library
Sporcle Events
Private Events
Virtual Trivia
Globe League
Become a Host
Pub Owners
SporcleCon
Opinionation
Our Games
Videos
Blog
Mobile Apps
Partnerships
Remove Ads and Go Orange
Feedback
History
US Presidents
World Leaders
Politics
Nation
Discovery
War
Decade
Year
Century
Biography
Art
History
US Presidents
World Leaders
Politics
Nation
Discovery
War
Decade
Year
Century
Biography
Art
Random Quiz
Search Sporcle
×
Quiz Lab
Quiz Lab
History
house
Type in answers that appear in a list
Type in answers that appear in a list
Classic
Best Score? Go Orange.
Monarchs of England Stats
Can you name the monarchs of England
By
SporcleEXP
15m
58 Questions
102 Plays
102 Plays
102 Plays
Comments
Comments
Give Quiz Kudos
Give Quiz Kudos
-
- Ratings
hide this ad
Replay
Link that replays current quiz
Next Quiz
Link to next quiz in quiz playlist
You Got
0%
They Got
Avg Score
76%
Avg Friend Score
Upgrade to see
Score Distribution
Jump to the score distribution portion of the page
Score
0/58
Timer
15:00
0
Plays Today
Reign
Monarch
% Correct
1066-
1087
William I
94.1%
1087-
1100
William II
93.1%
1689-
1702
William III
93.1%
1100-
1135
Henry I
92.2%
1154-
1189
Henry II
92.2%
1272-
1307
Edward I
92.2%
1307-
1327
Edward II
92.2%
1558-
1603
Elizabeth I
92.2%
1714-
1727
George I
92.2%
1727-
1760
George II
92.2%
1760-
1820
George III
92.2%
1952-
present
Elizabeth II
92.2%
1216-
1272
Henry III
91.2%
1327-
1377
Edward III
91.2%
1422-
1461
Henry VI
91.2%
1461-
1470
Edward IV
91.2%
1470-
1471
Henry VI
91.2%
1471-
1483
Edward IV
91.2%
1483
Edward V
91.2%
1547-
1553
Edward VI
91.2%
1910-
1936
George V
91.2%
1399-
1413
Henry IV
90.2%
1413-
1422
Henry V
90.2%
1485-
1509
Henry VII
90.2%
1509-
1547
Henry VIII
90.2%
1820-
1830
George IV
90.2%
1830-
1837
William IV
90.2%
1936-
1952
George VI
90.2%
1901-
1910
Edward VII
89.2%
Reign
Monarch
% Correct
1936
Edward VIII
89.2%
1189-
1199
Richard I
85.3%
1377-
1399
Richard II
85.3%
1483-
1485
Richard III
85.3%
1553-
1558
Mary I
85.3%
1603-
1625
James I
85.3%
1685-
1688
James II
85.3%
1837-
1901
Victoria
85.3%
1689-
1694
Mary II
82.4%
1199-
1216
John
81.4%
1702-
1714
Anne
80.4%
1625-
1649
Charles I
79.4%
1660-
1685
Charles II
79.4%
1135-
1154
Stephen
74.5%
1042-
1066
Saint Edward the Confessor
60.4%
1066
Harold II
58.2%
1035-
1040
Harold I
57.1%
978-
1013
Æthelred II
47.3%
1016-
1035
Cnut
47.3%
975-
978
Edward the Martyr
46.2%
1013-
1014
Sweyn
46.2%
1014-
1016
Æthelred II
45.1%
924-
939
Æthelstan
44%
959-
975
Edgar
38.5%
1040-
1042
Harthacnut
37.4%
939-
946
Edmund I
36.3%
1016
Edmund II
34.1%
955-
959
Eadwig
31.9%
946-
955
Eadred
29.7%
Quiz Playlist
Details
Report
Send in Message
Add To Playlist
Classic:
Type in answers that appear in a list
Last Updated: Feb 16, 2017
Quiz Scoreboard
CHALLENGE
Sign Up to Join the Scoreboard
Show All
Scores
Hide
Comments
May contain spoilers
Recently Published
Two Season TV Shows II
by 123Four
Television
10m
Image Sorting: Flags VI
by Barbecue
Geography
2m
Find the 'City' Movie
by crazypaving
Movies
60s
More to Explore
Quiz From the Vault
Featured Blog Post
14 Easter Pick-up Lines to Find Eggs With
hide this ad
You Might Also Like...
Tags
England
house
monarch
reign
Today's Top Quizzes in History
Browse History
hide this ad
Today's Top Quizzes in house
Browse house
Top Contributed Quizzes in History
1
I Am Born On March 29th
2
Order Up: 1000 Years of World Events I
3
US National Parks Named After People
4
Popular People in 1991
5
Popular People in 1951
6
Popular People in 1941
7
Popular People in 1981
8
Popular People in 1921
9
Popular People in 1986
10
Popular People in 1976
Explore More
Trending Topics
NBA
Anime
Harry Potter
Marvel
Crossword
Kpop
Disney
WWE
Puzzle
Soccer
Song
Country
Pokémon
NFL
The Office
hide this ad
More By:
SporcleEXP
Quiz
Plays
Rating
Category
Featured
Created
Harry Potter Deaths in Order Minefield
3,068,837
4.18
Literature
Jan 27, 2016
Sins, Dwarfs, and Spice Girls
847,328
4.42
Just For Fun
Apr 11, 2012
Ancient History Bunker
708,303
4.28
History
Jan 20, 2014
Movie Posters VI
679,093
4.37
Movies
Nov 12, 2010
Movie Posters VII
621,911
4.44
Movies
Apr 16, 2011
Go to Creator's Profile
Score Distribution
Quiz Creator Spotlight
SporcleEXP
Follow
Send a Message
Quizzes Created
-
Created Quiz Play Count
-
More By This Creator
Popular Quizzes Today
1
Colored Red Africa Blitz
2
Find the US States - No Outlines Minefield
3
Find the 'City' Movie
4
5x2 Blitz: Bands
5
The Countries of the World
6
Find the US States
7
Find the Countries of Europe - No Outlines Minefield
8
US States
More History Quizzes
30 Famous British Men
Quiz Lab
Trending Quizzes
Colored Red Europe Blitz I
Colored Red Africa Blitz II
Colored Red Europe Blitz II
Colored Red Africa Blitz III
Colored Red Europe Blitz III
Recently Updated
How Do You Spell That?
pecheneg
Godzilla Movies
pecheneg
Grab Bag: 4-10 Letters
pecheneg
2024 March Madness Bracket
pecheneg
Famous TV Couples
Peacemaker
Champions League XIs: Real Madrid
pecheneg
Largest US Cities 1790-2010
pecheneg
Rides in Walt Disney World
pecheneg
Most Oscar Losses (Acting)
pecheneg
Beyoncé Albums
pecheneg
Trending Topics
Disney
Crossword
Anime
Harry Potter
NBA
Marvel
Kpop
NFL
The Office
Pokémon
Soccer
Song
Puzzle
WWE
Country
Your Account Isn't Verified!
In order to create a playlist on Sporcle, you need to verify the email address you used during registration. Go to your
Sporcle Settings
to finish the process.
Report this User
Report this user for behavior that violates our
Community Guidelines
.
Details:
Send Report
Go to the Sporcle.com Mobile Site →
Comments